000 00934cam a22003133a 4500
001 1245
003 PGUSA
005 20140828082958.0
008 980301s1998||||xxu|||||s|||||000 1 eng d
040 _aPGUSA
_beng
042 _adc
050 4 _aPR
100 1 _aWoolf, Virginia,
_d1882-1941
245 1 0 _aNight and Day
_h[electronic resource] /
_cVirginia Woolf
260 _bProject Gutenberg,
_c1998
506 _aPublic domain in the USA.
516 _aElectronic text
653 _aDomestic fiction
653 _aMothers and daughters -- Fiction
653 _aPoets -- Family relationships -- Fiction
653 _aYoung women -- Fiction
653 _aBiographers -- Fiction
653 _aTriangles (Interpersonal relations) -- Fiction
653 _aLove stories
653 _aLondon (England) -- Fiction
830 0 _aProject Gutenberg
_v1245
856 4 0 _uhttp://www.gutenberg.org/ebooks/1245
942 _cEB
999 _c230593
_d230593